[Event "Reggio Emilia9697"]
[Site "Reggio Emilia"]
[Date "1996.??.??"]
[Round "8"]
[White "Mantovani, Renzo"]
[Black "Bologan, Viktor"]
[Result "0-1"]
[WhiteElo "2360"]
[BlackElo "2600"]

1.d4 g6 2.e4 Bg7 3.Nf3 d6 4.c3 Nf6 5.Nbd2 O-O 6.Qc2 c5 7.dxc5 dxc5 8.Be2 Nc6
9.O-O Qc7 10.Re1 h6 11.a4 a6 12.h3 Rb8 13.Bf1 b5 14.axb5 axb5 15.Nb3 c4 16.Nbd4 Nd7
17.h4 e5 18.Nxc6 Qxc6 19.Be3 Nc5 20.Nd2 Be6 21.Ra5 Rfd8 22.Rea1 Bf8 23.Be2 Qc8
24.g3 Nd3 25.Bxd3 Rxd3 26.b4 Bg7 27.Ba7 Rb7 28.Nb3 Bg4 29.Nc5 Bf3 30.Kh2 Rbd7
31.Bb6 Kh7 32.Ra8 Qc6 33.Nxd7 Rxd7 34.Rd8 Re7 35.Bc5 Bxe4 36.Qe2 Re6 37.Ra7 Rf6
38.Rdd7 Bd3 39.Rxd3 cxd3 40.Qxd3 Rf3 41.Qd2 e4 42.Qa2 Qf6 43.Kg2 Qf5 44.c4 Rc3
45.Qe2 bxc4 46.Re7 Be5 47.Be3 Bd6 48.Re8 Rd3 49.g4 Qd5 50.h5 g5 51.b5 c3
52.Rc8 Qe5 53.f4 gxf4 54.Qa2 f3+ 55.Kh1 Rd1+ 56.Bg1 Qf4 57.Qf2 Qxg4  0-1

[Event "RUS-Cup1 Chigorin mem"]
[Site "St Petersburg"]
[Date "1996.??.??"]
[Round "1"]
[White "Ivanov, Vladimir Ivanovich"]
[Black "Bologan, Viktor"]
[Result "1/2-1/2"]
[WhiteElo "2415"]
[BlackElo "2600"]

1.e4 g6 2.d4 Bg7 3.Nc3 c6 4.Nf3 d6 5.Be2 Nf6 6.O-O O-O 7.h3 Nbd7 8.e5 dxe5
9.dxe5 Nd5 10.Nxd5 cxd5 11.Qxd5 Nxe5 12.Qxd8 Rxd8 13.Nxe5 Bxe5 14.c3 Be6
15.Be3 a6 16.Rfd1 Rxd1+ 17.Rxd1 Bxa2 18.Rd7 Be6 19.Rxb7 a5 20.Bf3 Ra6 21.Be2 Ra8
22.Bf3 Ra6 23.Be2  1/2-1/2

[Event "RUS-Cup1 Chigorin mem"]
[Site "St Petersburg"]
[Date "1996.??.??"]
[Round "2"]
[White "Bologan, Viktor"]
[Black "Galkin, Alexander"]
[Result "0-1"]
[WhiteElo "2600"]
[BlackElo "2425"]

1.e4 c6 2.d4 d5 3.e5 Bf5 4.Nf3 e6 5.Be2 c5 6.Be3 Ne7 7.dxc5 Nd7 8.Nbd2 Nc6
9.Nb3 Bg4 10.Nfd4 Bxe2 11.Qxe2 Ncxe5 12.O-O-O Nc4 13.Rhe1 Rc8 14.Qg4 Nf6
15.Qh3 Be7 16.g4 Ne4 17.g5 Nxe3 18.Qxe3 Bxg5 19.f4 Bh6 20.Ne2 Qf6 21.Rf1 g6
22.Ng3 Bg7 23.c3 Nxg3 24.hxg3 Qf5 25.Qe2 a6 26.g4 Qe4 27.Qh2 h5 28.g5 O-O
29.Rfe1 Qc4 30.Kb1 Ra8 31.Qf2 Rfc8 32.Re3 a5 33.f5 exf5 34.Re7 a4 35.Nd4 Qxc5
36.Rxb7 a3 37.Qe2 Re8 38.Qb5 Qd6 39.Rd7 Qh2 40.Nc2 Rab8 41.Rb7 Rxb7 42.Qxe8+ Kh7
43.b3 Bxc3 44.Qa8 Qe2 45.Rc1 Rc7 46.Qxa3 Be5 47.Qb4 f4  0-1

[Event "RUS-Cup1 Chigorin mem"]
[Site "St Petersburg"]
[Date "1996.??.??"]
[Round "3"]
[White "Kiselev, M."]
[Black "Bologan, Viktor"]
[Result "0-1"]
[WhiteElo "2330"]
[BlackElo "2600"]

1.e4 c5 2.Nf3 d6 3.d4 cxd4 4.Nxd4 Nf6 5.Nc3 Nc6 6.Bc4 e6 7.Be3 Be7 8.O-O O-O
9.Bb3 Bd7 10.f4 Nxd4 11.Bxd4 Bc6 12.Qe2 Qc7 13.f5 e5 14.Bf2 b5 15.Rad1 b4
16.Nd5 Nxd5 17.Bxd5 Bxd5 18.Rxd5 Rfc8 19.Qg4 Qxc2 20.f6 Bxf6 21.Be3 h5 22.Qf3 Rc6
23.Rd2 Qc4 24.b3 Qe6 25.Qxh5 Rc3 26.Qe2 a5 27.Rd5 Be7 28.Bd2 Rc2 29.Qd1 Rac8
30.Rxa5 Qg6 31.Rf5 Rb2 32.Ra7 Bd8 33.Ra6 f6 34.Rxd6 Be7 35.Rd3 Rcc2 36.h4 Qe8
37.Kh1 Bf8 38.Rf2 Qa8 39.Qg4 Rc6 40.h5 Qxa2 41.h6 Qb1+ 42.Kh2 Qxd3 43.Bxb4 Rxf2
44.Bxf8 g5  0-1

[Event "RUS-Cup1 Chigorin mem"]
[Site "St Petersburg"]
[Date "1996.??.??"]
[Round "4"]
[White "Bologan, Viktor"]
[Black "Novgorodskij, Vladimir"]
[Result "1-0"]
[WhiteElo "2600"]
[BlackElo "2365"]

1.e4 c5 2.Nf3 d6 3.d4 cxd4 4.Nxd4 Nf6 5.Nc3 a6 6.Be3 e6 7.g4 h6 8.Bg2 e5
9.Nf5 g6 10.Qe2 gxf5 11.exf5 Rg8 12.h3 Bd7 13.Bxb7 Bc6 14.Bxa8 Bxa8 15.Rg1 Qa5
16.O-O-O Nbd7 17.f4 Nd5 18.Nxd5 Bxd5 19.a3 Bc6 20.Qc4 Qb5 21.Qc3 e4 22.g5 d5
23.gxh6 Rxg1 24.Rxg1 Bxh6 25.b3 Bf8 26.a4 Qb7 27.h4 Qc7 28.h5 Qd6 29.Rg8 Ke7
30.Kb1 Bh6 31.Qa5 Kf6 32.Qd8+ Kxf5 33.Rg5+ Ke6 34.Qe8+ Qe7 35.f5+ Kd6 36.Bf4+  1-0

[Event "RUS-Cup1 Chigorin mem"]
[Site "St Petersburg"]
[Date "1996.??.??"]
[Round "5"]
[White "Zhelnin, Vladimir V"]
[Black "Bologan, Viktor"]
[Result "0-1"]
[WhiteElo "2470"]
[BlackElo "2600"]

1.e4 c5 2.Nc3 e6 3.Nf3 a6 4.g3 b5 5.Bg2 Bb7 6.Qe2 Nc6 7.O-O d6 8.Re1 g5 9.d3 g4
10.Nd2 h5 11.Nb3 Bg7 12.e5 Bxe5 13.Ne4 Qc7 14.c3 c4 15.d4 Bg7 16.Bf4 O-O-O
17.Nbc5 Nge7 18.Ng5 Nd5 19.Ncxe6 Nxf4 20.Nxf4 Bh6 21.h4 Bxg5 22.hxg5 Rdg8
23.Nd5 Qd8 24.Ne7+ Nxe7 25.Bxb7+ Kxb7 26.Qxe7+ Qxe7 27.Rxe7+ Kc6 28.a4 Rxg5
29.axb5+ Rxb5 30.Rxa6+ Kd5 31.Rxf7 Rxb2 32.Rf6 Ke4 33.Re6+ Kd3 34.Re3+ Kd2
35.Rxd6 Rc2 36.d5 Rxc3 37.Re7 Rd3 38.Kf1 c3 39.Rc6 Rd8 40.Re2+ Kc1 41.Re1+ Kc2
42.Re2+ Kb3 43.Rb6+ Kc4 44.Rc6+ Kd4 45.Ra2 Rb8 46.Ra4+ Ke5 47.Rac4 Rb1+ 48.Kg2 Rdd1  0-1

[Event "RUS-Cup1 Chigorin mem"]
[Site "St Petersburg"]
[Date "1996.??.??"]
[Round "6"]
[White "Bologan, Viktor"]
[Black "Balashov, Yuri S"]
[Result "1/2-1/2"]
[WhiteElo "2600"]
[BlackElo "2530"]

1.e4 e5 2.Nf3 Nc6 3.Bb5 a6 4.Ba4 Nf6 5.O-O Be7 6.Re1 b5 7.Bb3 d6 8.c3 O-O
9.h3 Nb8 10.d4 Nbd7 11.Nbd2 Bb7 12.Bc2 Re8 13.Nf1 Bf8 14.Ng3 g6 15.a4 c5
16.d5 Nb6 17.a5 Nc4 18.b3 Nxa5 19.Bg5 Bg7 20.Ra2 c4 21.b4 Nb3 22.Bxb3 cxb3
23.Qxb3 h6 24.Be3 Rf8 25.Nd2 Ne8 26.f3 f5 27.Bf2 Nc7 28.c4 fxe4 29.Ngxe4 bxc4
30.Nxc4 Bxd5 31.Rd1 Kh7 32.Bb6 Bxe4 33.fxe4 Qe7 34.Bxc7 Qxc7 35.Rxd6 Rac8
36.Rc2 Qa7+ 37.Qe3 Rf7 38.Qxa7 Rxa7 39.Ne3 Rxc2 40.Nxc2 Bf8 41.Rc6 Rb7 42.Rc4 Kg7
43.Kf2 Kf7 44.Ke2 Ke6 45.Kd3 Kd7 46.Kc3 Bd6 47.Na1 h5 48.Nc2 Rb8 49.Ne3 Rb5
50.Nd5 Rb7 51.Kd3 Rb8 52.Rc2 Bxb4 53.Rc7+ Kd6 54.Rg7 Be1 55.Rxg6+ Kc5 56.Rxa6 Rb3+
57.Ke2 Bg3 58.Ra5+ Kd4 59.Ra4+ Kc5 60.Ne3 Bf4 61.Nd1 h4 62.Ra8 Kd4 63.Ra4+ Kc5
64.Ke1 Rb1 65.Ra8 Kd4 66.Ke2 Rb3 67.Nf2 Re3+ 68.Kd1 Rg3 69.Ra4+ Kc3 70.Ra3+ Kd4  1/2-1/2

[Event "RUS-Cup1 Chigorin mem"]
[Site "St Petersburg"]
[Date "1996.??.??"]
[Round "8"]
[White "Bologan, Viktor"]
[Black "Oll, Lembit"]
[Result "0-1"]
[WhiteElo "2600"]
[BlackElo "2620"]

1.e4 c5 2.Nf3 d6 3.d4 cxd4 4.Nxd4 Nf6 5.Nc3 a6 6.Be3 e5 7.Nb3 Be6 8.f3 Nbd7
9.Qd2 b5 10.a4 b4 11.Nd5 Bxd5 12.exd5 Nb6 13.Bxb6 Qxb6 14.a5 Qb7 15.Bc4 Be7
16.Ra4 Rb8 17.Nc1 Bd8 18.Nd3 Bxa5 19.Rxa5 Qc7 20.Ra4 Qxc4 21.Nxb4 O-O 22.c3 Rfc8
23.Ra1 Rb5 24.Nc6 Kf8 25.Na7 Rxd5 26.Qe2 Qxe2+ 27.Kxe2 Rb8 28.b4 e4 29.Rhd1 exf3+
30.gxf3 Re8+ 31.Kf1 Rxd1+ 32.Rxd1 Ra8 33.Nc6 Rc8 34.Na5 Rxc3 35.Rxd6 Rxf3+
36.Kg2 Rf4 37.Nc6 Rc4 38.Ne5 Rxb4 39.Rxa6 Rb7 40.Kf3 Nd7 41.Ra8+ Ke7 42.Nd3 g6
43.Ra3 Kf6 44.Nf4 Ne5+ 45.Kg3 Rd7 46.Ra2 Kg7 47.h4 h5 48.Ra5 Ng4 49.Rg5 Kh6
50.Ra5 Re7  0-1

[Event "Vienna op"]
[Site "Vienna"]
[Date "1996.??.??"]
[Round "2"]
[White "Bologan, Viktor"]
[Black "Hoelzl, Franz"]
[Result "1-0"]
[WhiteElo "2600"]
[BlackElo "2435"]

1.e4 c5 2.Nf3 d6 3.d4 cxd4 4.Nxd4 Nf6 5.Nc3 a6 6.Be3 e5 7.Nb3 Be7 8.f3 Be6
9.Qd2 O-O 10.O-O-O Nbd7 11.g4 Qc7 12.Kb1 b5 13.g5 Nh5 14.Nd5 Bxd5 15.exd5 Nb6
16.Na5 Nxd5 17.Qxd5 Qxa5 18.c4 Qd8 19.Rg1 bxc4 20.Bxc4 g6 21.h4 a5 22.f4 exf4
23.Bd4 Qd7 24.Rde1 Rac8 25.Bc3 Qa7 26.Qe4 d5 27.Qe5 Bf6 28.gxf6 Rxc4 29.Qxh5  1-0

[Event "Vienna op"]
[Site "Vienna"]
[Date "1996.??.??"]
[Round "4"]
[White "Cvitan, Ognjen"]
[Black "Bologan, Viktor"]
[Result "1-0"]
[WhiteElo "2535"]
[BlackElo "2600"]

1.d4 Nf6 2.Nf3 g6 3.c4 Bg7 4.g3 O-O 5.Bg2 d6 6.O-O c6 7.Nc3 Na6 8.e4 e5 9.h3 Qb6
10.b3 exd4 11.Na4 Qa5 12.Nxd4 Nxe4 13.Bxe4 d5 14.cxd5 Bxh3 15.Re1 cxd5 16.Bf3 Bd7
17.Bd2 Qd8 18.Bf4 Bxa4 19.bxa4 Rc8 20.Rb1 Rc4 21.Nb5 Rxf4 22.gxf4 d4 23.Bxb7 Nc5
24.Bg2 a6 25.Na7 Qd6 26.f5 gxf5 27.Qf3 d3 28.Qd5 Qf4 29.Nc6 d2 30.Red1 Ne4
31.Qxf5 Qxf5 32.Ne7+ Kh8 33.Nxf5 Nc3 34.Nxg7 Kxg7 35.Bf3 Re8 36.Kg2  1-0

[Event "Vienna op"]
[Site "Vienna"]
[Date "1996.??.??"]
[Round "5"]
[White "Bologan, Viktor"]
[Black "Mahdi, Khaled"]
[Result "1-0"]
[WhiteElo "2600"]
[BlackElo "2390"]

1.e4 e5 2.Nf3 Nc6 3.Bc4 Nf6 4.d3 Be7 5.O-O d6 6.c3 O-O 7.Re1 Na5 8.Bb5 a6
9.Ba4 b5 10.Bc2 c5 11.Nbd2 Re8 12.Nf1 Bf8 13.Bg5 h6 14.Bxf6 Qxf6 15.Ne3 Qd8
16.a3 Nc6 17.Bb3 Rb8 18.a4 Re7 19.Bd5 Rc7 20.Qb3 Qe8 21.Qa2 Bd7 22.Reb1 Be7
23.axb5 axb5 24.b4 cxb4 25.cxb4 Ra7 26.Qb3 Rxa1 27.Rxa1 Bd8 28.Nf5 Bxf5 29.exf5 Bf6
30.Ra6 Ne7 31.g4 Nxd5 32.Qxd5 Be7 33.Ra7 Rc8 34.Nd2 Bf8 35.Ne4 Rd8 36.h4 Rd7
37.Qxb5 Re7 38.Qxe8 Rxe8 39.Nc3 Rb8 40.Nd5 Rc8 41.g5 hxg5 42.hxg5  1-0

[Event "Vienna op"]
[Site "Vienna"]
[Date "1996.??.??"]
[Round "6"]
[White "Skomorokhin, Roman"]
[Black "Bologan, Viktor"]
[Result "1-0"]
[WhiteElo "2450"]
[BlackElo "2600"]

1.d4 Nf6 2.c4 g6 3.g3 Bg7 4.Bg2 O-O 5.Nf3 d6 6.O-O c6 7.Nc3 Na6 8.Bd2 Be6
9.b3 Qc8 10.e4 Bg4 11.Rc1 e5 12.d5 Qd7 13.Qc2 cxd5 14.cxd5 b5 15.Qb1 b4 16.Na4 Rab8
17.Be3 Qb7 18.Nd2 Be2 19.Rfe1 Bb5 20.Nc4 Bxc4 21.Rxc4 Ng4 22.Bd2 f5 23.exf5 gxf5
24.h3 Nh6 25.Rh4 Rf6 26.Bg5 Rg6 27.Bxh6 Bxh6 28.Qxf5 Rf8 29.Qd3 Rgf6 30.Re2 Nc7
31.Be4 R8f7 32.Bg2 a5 33.Nc5 Qb5 34.Rg4+ Kh8 35.Qxb5 Nxb5 36.Ne4 Nc3 37.Rc2 Rg6
38.Rxg6 hxg6 39.Nxd6 Rd7 40.Nc4 e4 41.d6 Kg7 42.h4 Kf6 43.Bh3 Rd8 44.d7 Ra8
45.Nxa5 e3 46.Kf1 e2+ 47.Ke1 Bf8 48.Nc6 Be7 49.Rd2  1-0

[Event "Vienna op"]
[Site "Vienna"]
[Date "1996.??.??"]
[Round "7"]
[White "Bologan, Viktor"]
[Black "Polak, Tomas"]
[Result "1/2-1/2"]
[WhiteElo "2600"]
[BlackElo "2445"]

1.e4 c6 2.d4 d5 3.e5 Bf5 4.Nf3 e6 5.Be2 Nd7 6.O-O Ne7 7.Nh4 Be4 8.Nd2 Nf5
9.Nhf3 Be7 10.c3 O-O 11.Ne1 c5 12.Nxe4 dxe4 13.g4 Nh4 14.Qc2 cxd4 15.cxd4 f5
16.Bc4 Nb6 17.Bxe6+ Kh8 18.d5 Nxd5 19.gxf5 Nc7 20.Bb3 Nxf5 21.Qxe4 Bc5 22.Nf3 Qe8
23.Bc2 Ne6 24.Be3 Qg6+ 25.Kh1 Bxe3 26.fxe3 Qh6 27.Rg1 Nxe3 28.Rac1 Nc5 29.Qxh7+ Qxh7
30.Bxh7 Rxf3 31.Rxc5 Kxh7 32.Rc7 Nf5 33.Rxb7 Rc8 34.e6 Rc2 35.Rf7 Rff2 36.Rg5 Rf1+  1/2-1/2

[Event "Vienna op"]
[Site "Vienna"]
[Date "1996.??.??"]
[Round "9"]
[White "Bologan, Viktor"]
[Black "Tischbierek, Raj"]
[Result "1-0"]
[WhiteElo "2600"]
[BlackElo "2500"]

1.e4 Nf6 2.e5 Nd5 3.d4 d6 4.Nf3 Bg4 5.Be2 e6 6.h3 Bh5 7.c4 Nb6 8.exd6 cxd6
9.Nc3 Be7 10.d5 e5 11.Be3 Bxf3 12.Bxf3 N8d7 13.Qe2 Rc8 14.b3 f5 15.g4 e4
16.Bg2 Bf6 17.Nb5 Bxa1 18.Nxd6+ Kf8 19.O-O Be5 20.Nxf5 h5 21.f4 exf3 22.Qxf3 Kg8
23.d6 Nf6 24.g5  1-0

[Event "Hoogovens-B"]
[Site "Wijk aan Zee"]
[Date "1996.??.??"]
[Round "11"]
[White "Bologan, Viktor"]
[Black "Gretarsson, Helgi Ass"]
[Result "1/2-1/2"]
[WhiteElo "2590"]
[BlackElo "2450"]

1.e4 e5 2.Nf3 Nc6 3.Bb5 a6 4.Ba4 d6 5.Bxc6+ bxc6 6.d4 f6 7.Be3 Ne7 8.Nc3 Ng6
9.h4 h5 10.Qe2 Be7 11.O-O-O Be6 12.dxe5 fxe5 13.Ng5 Bxg5 14.Bxg5 Qb8 15.g3 Kd7
16.Qe3 Qa7 17.Qxa7 Rxa7 18.f4 Bg4 19.Rdf1 exf4 20.gxf4 Raa8 21.e5 Rhf8 22.exd6 cxd6
23.Re1  1/2-1/2

[Event "Yerevan ol (Men)"]
[Site "Yerevan"]
[Date "1996.??.??"]
[Round "3"]
[White "Bologan, Viktor"]
[Black "Atlas, Valeri"]
[Result "1-0"]
[WhiteElo "2600"]
[BlackElo "2470"]

1.e4 c5 2.Nf3 e6 3.d4 cxd4 4.Nxd4 Nf6 5.Nc3 d6 6.g4 h6 7.h3 Nc6 8.Be3 g5
9.Bc4 Ne5 10.Bb3 a6 11.a4 Bd7 12.f3 Rc8 13.Qe2 Qa5 14.O-O Ng6 15.Qd2 Nf4
16.Bxf4 gxf4 17.Qxf4 Qg5 18.Nde2 Qxf4 19.Nxf4 Rg8 20.h4 Be7 21.Kg2 Nh7 22.Rfd1 Nf8
23.h5 Rg5 24.Kf2 Ra5 25.Ng2 Rac5 26.Ne3 Nh7 27.Na2 Bh4+ 28.Ke2 Ke7 29.Nb4 Bf6
30.Nd3 R5c7 31.a5 Bb5 32.Ra2 Bxd3+ 33.cxd3 Bd4 34.Bc4 Ng5 35.Ng2 d5 36.exd5 exd5
37.Bxd5 Kd6 38.Be4 Nh3 39.f4 Ng1+ 40.Rxg1 Bxg1 41.Ne3 Bxe3 42.Kxe3 Rg8 43.Ra4 Rxg4
44.Rb4 Rg3+ 45.Kd4 Rd7 46.Rb6+ Ke7+ 47.Ke5 Re3 48.Kf5 Rh3 49.Rxh6 Rh2 50.b3 Rd4
51.Kg4 Rb4 52.Kg3 Rc2 53.Rh8 Rxb3 54.h6 Rb1 55.h7 Rg1+ 56.Kh3 Kf6 57.Re8  1-0

[Event "Yerevan ol (Men)"]
[Site "Yerevan"]
[Date "1996.??.??"]
[Round "4"]
[White "Bologan, Viktor"]
[Black "Kakageldyev, Amanmurad"]
[Result "1-0"]
[WhiteElo "2600"]
[BlackElo "2475"]

1.e4 g6 2.d4 Bg7 3.Nc3 d6 4.h3 Nf6 5.g3 O-O 6.Bg2 e5 7.Nge2 Nc6 8.Be3 Re8
9.O-O Bd7 10.d5 Ne7 11.a4 c6 12.dxc6 Bxc6 13.Qc1 d5 14.exd5 Nexd5 15.Nxd5 Nxd5
16.Rd1 Qa5 17.Bxd5 Bxd5 18.b4 Qa6 19.Rxd5 Qxe2 20.c4 e4 21.Rb1 Qa2 22.Rd7 b6
23.a5 Rec8 24.c5 h5 25.Qd1 bxc5 26.bxc5 h4 27.Qg4 Bf8 28.Rbb7 Rxc5 29.Bxc5 Bxc5
30.Rxf7 Bf8 31.Qd7 Qa1+ 32.Kg2 Qe5 33.Rxf8+  1-0

[Event "Yerevan ol (Men)"]
[Site "Yerevan"]
[Date "1996.??.??"]
[Round "8"]
[White "Bologan, Viktor"]
[Black "Agdestein, Simen"]
[Result "1-0"]
[WhiteElo "2600"]
[BlackElo "2600"]

1.e4 Nf6 2.e5 Nd5 3.d4 d6 4.Nf3 Bg4 5.Be2 e6 6.h3 Bh5 7.c4 Nb6 8.exd6 cxd6
9.Nc3 Be7 10.d5 e5 11.g4 Bg6 12.h4 h6 13.Bd3 Qc8 14.Bxg6 fxg6 15.Nd2 O-O
16.b3 Rf4 17.g5 hxg5 18.hxg5 Qf5 19.Qe2 Na6 20.Nde4 Rf3 21.Be3 Nd7 22.O-O-O Ndc5
23.Rh4 Rh3 24.Ng3 Qd7 25.Rxh3 Qxh3 26.Qc2 Kf7 27.a3 Qg4 28.b4 Bxg5 29.Bxg5 Qxg5+
30.Kb2 Nd7 31.Nge4 Qh4 32.Nxd6+ Kg8 33.f3 Qf6 34.c5 Qxf3 35.Qxg6 Qf2+ 36.Kb1 Nf8
37.Qh5 Qg2 38.Nce4 Ng6 39.Ng5 Qg3 40.Qh7+ Kf8 41.Ne6+  1-0

[Event "Yerevan ol (Men)"]
[Site "Yerevan"]
[Date "1996.??.??"]
[Round "13"]
[White "Nikolaidis, Ioannis"]
[Black "Bologan, Viktor"]
[Result "1-0"]
[WhiteElo "2585"]
[BlackElo "2600"]

1.d4 d6 2.Nf3 g6 3.c4 f5 4.g3 Bg7 5.Bg2 Nf6 6.O-O O-O 7.Nc3 c6 8.b3 Qa5 9.Bd2 e5
10.e4 Qc7 11.exf5 Bxf5 12.dxe5 dxe5 13.Ng5 Nbd7 14.Nge4 Rfd8 15.Qe2 Nf8 16.Bg5 Nxe4
17.Nxe4 Re8 18.Rad1 h6 19.Be3 Ne6 20.Nd6 Re7 21.Rfe1 Nd4 22.Bxd4 Qxd6 23.Bc3 Qe6
24.Be4 Rae8 25.Rd3 h5 26.Qe3 a6 27.Bb4 Rd7 28.Ba5 Bxe4 29.Rxd7 Qxd7 30.Qxe4 Kf7
31.Bc3 Qf5 32.Qe3 Kg8 33.Kg2 Rf8 34.Re2 h4 35.Qe4 h3+ 36.Kf1 Qd7 37.Qxg6 Rf3
38.Bxe5 Qd1+ 39.Re1 Qd3+ 40.Qxd3 Rxd3 41.Bxg7 Kxg7 42.Ke2  1-0

[Event "RUS-Cup6"]
[Site "Krasnodar"]
[Date "1997.03.12"]
[Round "2"]
[White "Bologan, Viktor"]
[Black "Daniliuk, Sergey"]
[Result "1/2-1/2"]
[WhiteElo "2575"]
[BlackElo "2410"]

1.e4 e5 2.Nf3 Nc6 3.Bb5 a6 4.Ba4 Nf6 5.O-O Nxe4 6.d4 b5 7.Bb3 d5 8.dxe5 Be6
9.Be3 Be7 10.c3 Qd7 11.Nbd2 Rd8 12.h3 O-O 13.Bc2 Bf5 14.Nxe4 Bxe4 15.Bxe4 dxe4
16.Qxd7 Rxd7 17.e6 Rd3 18.exf7+ Rxf7 19.Nd2 Bc5 20.Bxc5 Rxd2 21.b4 Ne5 22.Rfd1 Rfd7
23.Rxd2 Rxd2 24.a4 Nd3 25.axb5 axb5 26.Ra8+ Kf7 27.Rf8+ Kg6 28.Be3 Rc2 29.Bd4 Nc1
30.Kh2 Ne2 31.Be5 Nxc3 32.Rg8 Nd5 33.Rxg7+ Kf5 34.Bd4 Nxb4 35.Re7 c5 36.Bh8 Nd3
37.g4+ Kg5 38.Kg3 Rxf2 39.Rg7+ Kf6 40.Rd7+ Ke6 41.Rxd3 Rf8 42.Rc3 Rxh8 43.Rxc5 Rb8
44.Kf4 b4 45.Kxe4 b3 46.Rc6+ Kf7 47.Rc7+ Kf6 48.Rc6+ Kg5 49.Rc5+ Kg6 50.Rc6+ Kg7
51.Rc7+ Kg8 52.Rc1 b2 53.Rb1 Rb3 54.Kd4 Kg7 55.Kc4 Rxh3 56.Rxb2 Rg3 57.Kd4  1/2-1/2

[Event "RUS-Cup6"]
[Site "Krasnodar"]
[Date "1997.03.17"]
[Round "7"]
[White "Shariyazdanov, Andrey"]
[Black "Bologan, Viktor"]
[Result "0-1"]
[WhiteElo "2525"]
[BlackElo "2575"]

1.d4 Nf6 2.c4 g6 3.Nc3 Bg7 4.e4 d6 5.Be2 O-O 6.Nf3 e5 7.O-O Nc6 8.d5 Ne7
9.b4 Nh5 10.Re1 Nf4 11.Bf1 a5 12.bxa5 c5 13.Rb1 Rxa5 14.Qb3 Ra6 15.g3 Nh5
16.Bg2 h6 17.Na4 Bd7 18.Nc3 b6 19.Qd1 f5 20.Nh4 Nf6 21.exf5 g5 22.Ng6 Nxg6
23.fxg6 Bf5 24.Rb2 Bxg6 25.Ne4 Qe7 26.Nxf6+ Qxf6 27.Be4 Rfa8 28.Qc2 Bxe4
29.Rxe4 Qg6 30.f3 Ra3 31.Qg2 Qf7 32.Rxb6 Rxf3 33.Rb3 Rxb3 34.axb3 Rb8 35.Re3 Qf5
36.Qf1 Qb1 37.Qd1 e4 38.Kg2 Ra8 39.Qe1 Ra2+ 40.Kh3 Qc2 41.Qh1 h5 42.Re1 Kh7
43.Qxe4+ Qxe4 44.Rxe4 g4+ 45.Kh4 Kg6 46.Re6+ Kf5  0-1

[Event "RUS-Cup7"]
[Site "Kstovo"]
[Date "1997.05.01"]
[Round "1"]
[White "Kiseleva, Natalia"]
[Black "Bologan, Viktor"]
[Result "1/2-1/2"]
[WhiteElo "2350"]
[BlackElo "2575"]

1.d4 d6 2.Nf3 g6 3.c4 f5 4.g3 Nf6 5.Bg2 Bg7 6.O-O O-O 7.Nc3 c6 8.d5 e5 9.dxe6 Bxe6
10.Qd3 Re8 11.Ng5 Nbd7 12.Nxe6 Rxe6 13.e3 Ne4 14.Nxe4 fxe4 15.Qc2 Qe7 16.Bd2 g5
17.h3 Re8 18.Rad1 g4 19.h4 Bf6 20.Bc3 Bxh4 21.gxh4 Qxh4 22.Rfe1 Nf8 23.Rd4 Qe7
24.Kf1 Ng6 25.Ke2 Nh4 26.Rg1 Nf5 27.Rdd1 Rf8 28.Bh3 h5 29.Bxg4 hxg4 30.Rxg4+ Kf7
31.Rdg1 Ke8 32.Kd1 Kd7 33.Rf4 Kc8 34.Rgg4 Qh7 35.Kc1 Rfe8 36.b3 Kb8 37.Kb2 d5
38.cxd5 cxd5 39.Rg5 Ne7 40.Rg7 Qh6 41.Rff7 Ka8 42.Qd2 Qh2 43.Bb4 Qe5+ 44.Qc3 Nc6
45.Rxb7 Rf6 46.Qxe5 Rxe5 47.Bc3 Rxf2+ 48.Ka3 Re6 49.Rbd7 Rf8 50.Rxd5 Nb8
51.b4 Rfe8 52.Kb3 R6e7 53.Rxe7 Rxe7 54.Re5 Nc6 55.Rxe7 Nxe7 56.Be5 Kb7 57.Kc4 a6
58.a3 Kc6 59.Kd4 Kb5 60.Kxe4 Kc4 61.Bd6 Nd5 62.Bc5 a5 63.bxa5 Kxc5 64.a6 Nc7
65.a7 Kb6 66.Ke5 Kxa7  1/2-1/2

[Event "RUS-Cup7"]
[Site "Kstovo"]
[Date "1997.05.05"]
[Round "5"]
[White "Yurtaev, Leonid"]
[Black "Bologan, Viktor"]
[Result "0-1"]
[WhiteElo "2495"]
[BlackElo "2575"]

1.e4 g6 2.d4 Bg7 3.Nf3 d6 4.Be2 Nf6 5.Nc3 O-O 6.O-O c6 7.Re1 Nbd7 8.a4 e5
9.dxe5 dxe5 10.Bc4 h6 11.Qd6 Re8 12.Rd1 Bf8 13.Qd3 Nh7 14.Be3 Qf6 15.Qd2 g5
16.Ne2 g4 17.Ne1 Qg6 18.Ng3 h5 19.Nf5 Nb6 20.Bd3 Bxf5 21.exf5 Qf6 22.a5 Nd5
23.Ra4 Rad8 24.Bxa7 Bh6 25.Qe2 Nf4 26.Qf1 e4 27.Be2 Qxf5 28.c3 Ng5 29.Nc2 Nf3+
30.gxf3 Nxe2+ 31.Qxe2 gxf3  0-1

[Event "RUS-Cup7"]
[Site "Kstovo"]
[Date "1997.05.06"]
[Round "6"]
[White "Bologan, Viktor"]
[Black "Burmakin, Vladimir"]
[Result "1-0"]
[WhiteElo "2575"]
[BlackElo "2530"]

1.e4 c6 2.d4 d5 3.e5 Bf5 4.Nf3 e6 5.Be2 Nd7 6.O-O Ne7 7.Nh4 Bg6 8.Nd2 c5
9.c3 Nc6 10.Nxg6 hxg6 11.Nf3 cxd4 12.cxd4 Be7 13.Be3 Qb6 14.Rb1 Rc8 15.a3 O-O
16.Bd3 Na5 17.Nd2 Nc4 18.Nxc4 dxc4 19.Be4 Rfd8 20.Qf3 Rc7 21.h4 Qb5 22.g3 Nf8
23.h5 gxh5 24.Qxh5 f5 25.Bf3 g6 26.Qh6 Rdd7 27.d5 Bd8 28.Rfd1 Rh7 29.Qf4 Rcd7
30.a4 Qb3 31.Rbc1 Qxb2 32.dxe6 Rxd1+ 33.Rxd1 Bb6 34.e7 Rxe7 35.Bd5+ Ne6 36.Qg5 Bxe3
37.Bxe6+  1-0

[Event "RUS-Cup7"]
[Site "Kstovo"]
[Date "1997.05.08"]
[Round "7"]
[White "Kharitonov, Andrei Y"]
[Black "Bologan, Viktor"]
[Result "1/2-1/2"]
[WhiteElo "2520"]
[BlackElo "2575"]

1.d4 Nf6 2.Nf3 g6 3.c4 Bg7 4.g3 O-O 5.Bg2 d6 6.O-O Nc6 7.Nc3 a6 8.h3 Bd7
9.e4 e5 10.d5 Nd4 11.Nxd4 exd4 12.Qxd4 Qc8 13.h4 Ng4 14.Qd2 b5 15.cxb5 axb5
16.Ne2 Qb7 17.Qc2 b4 18.Bf4 Rxa2 19.Rxa2 b3 20.Ra7 Qxa7 21.Qxb3 Rb8 22.Qa3 Qb6
23.b4 h5 24.Bf3 Qxb4 25.Qxb4 Rxb4 26.Rc1 Rb7 27.Kg2 Ne5 28.Bxe5 Bxe5 29.Rc4 Bb5
30.Rc1 Kf8 31.Nf4 Ke7 32.Rc2 Ba4 33.Rc4 Bb3 34.Rc1 Ba2 35.Nd3 Bd4 36.Rc2 Bb3
37.Rc1 Kd7 38.Bd1 Ba2 39.Ba4+ Ke7 40.Rc2 Bb1 41.Rc4 Bxd3 42.Rxd4 Bb1 43.Bd1 f5
44.exf5 Bxf5 45.Kf3 Rb2 46.Ke3 Kf6 47.Rc4 Ke5 48.Rxc7 Kxd5 49.Rb7 Rxb7 50.Bf3+ Kc4
51.Bxb7 d5 52.Kd2 Kd4 53.f3 Bb1  1/2-1/2

[Event "RUS-Cup7"]
[Site "Kstovo"]
[Date "1997.05.09"]
[Round "8"]
[White "Bologan, Viktor"]
[Black "Sakaev, Konstantin"]
[Result "1/2-1/2"]
[WhiteElo "2575"]
[BlackElo "2580"]

1.e4 c5 2.Nf3 d6 3.d4 cxd4 4.Nxd4 Nf6 5.Nc3 a6 6.Be3 Ng4 7.Bg5 h6 8.Bh4 g5
9.Bg3 Bg7 10.Be2 h5 11.Bxg4 Bxg4 12.f3 Bd7 13.Bf2 Nc6 14.O-O e6 15.Nce2 Ne5
16.b3 g4 17.f4 h4  1/2-1/2

[Event "Ambasador op"]
[Site "Bern"]
[Date "1997.12.??"]
[Round "1"]
[White "Bologan, Viktor"]
[Black "Klaey, Willy"]
[Result "1-0"]
[WhiteElo "2585"]
[BlackElo "1852"]

1.e4 e6 2.d4 d5 3.Nc3 Bb4 4.e5 c5 5.a3 Bxc3+ 6.bxc3 Qc7 7.Nf3 Ne7 8.h4 b6
9.h5 h6 10.Bb5+ Bd7 11.Bd3 c4 12.Be2 Ba4 13.Bf4 f5 14.Ng1 Nbc6 15.Nh3 O-O-O
16.Bg3 g5 17.hxg6 Nxg6 18.Nf4 Nxf4 19.Bxf4 Qg7 20.Rh2 Rh7 21.Qd2 Rdh8 22.O-O-O Nd8
23.Rdh1 Nf7 24.Kb2 Bd7 25.Qc1 Ba4 26.Rh4 Bd7 27.g4 fxg4 28.Bxg4 Kb7 29.f3 Ka6
30.Rh5 Ka5 31.Bg3 Ng5 32.Bh4 Rg8 33.Bxg5  1-0

[Event "Ambasador op"]
[Site "Bern"]
[Date "1997.12.??"]
[Round "2"]
[White "Du Bois, Yves"]
[Black "Bologan, Viktor"]
[Result "0-1"]
[WhiteElo "2007"]
[BlackElo "2585"]

1.d4 Nf6 2.c4 g6 3.Nc3 Bg7 4.e4 d6 5.Nf3 O-O 6.Be2 e5 7.O-O Nc6 8.d5 Ne7
9.Ne1 Nd7 10.Be3 f5 11.f3 f4 12.Bf2 g5 13.Nd3 Nf6 14.c5 Ng6 15.Rc1 Rf7 16.Nb5 g4
17.a4 g3 18.hxg3 fxg3 19.Bxg3 Nh5 20.Bh2 Bh6 21.Rc3 a6 22.Na3 Be3+ 23.Nf2 Bf4
24.Bxf4 Ngxf4  0-1

[Event "Ambasador op"]
[Site "Bern"]
[Date "1997.12.??"]
[Round "4"]
[White "Bologan, Viktor"]
[Black "Sutter, Oliver"]
[Result "1-0"]
[WhiteElo "2585"]
[BlackElo "2311"]

1.e4 Nf6 2.Nc3 d5 3.e5 Nfd7 4.f4 e6 5.Nf3 c5 6.d4 Nc6 7.Be3 a6 8.Qd2 b5 9.dxc5 Bxc5
10.O-O-O Qb6 11.Nd4 Rb8 12.h4 Nxd4 13.Bxd4 Qc6 14.Bxc5 Nxc5 15.Kb1 a5 16.Ne2 Qb6
17.Ng3 b4 18.Bd3 a4 19.Nh5 Ba6 20.Bxa6 Qxa6 21.f5 b3 22.cxb3 axb3 23.a3 Ne4
24.Nxg7+ Kf8 25.Qh6 Qe2 26.Nxe6+ Ke7 27.Nf4 Qc2+ 28.Ka1 Ra8 29.Nxd5+ Ke8
30.Nc7+ Qxc7 31.Qc1 Qxc1+ 32.Rxc1 Ng3 33.Rh3 Nxf5 34.Rxb3 Nxh4 35.Rc7 Nxg2
36.Rbb7 Rf8 37.Ka2 h5 38.b4 h4 39.b5 h3 40.Re7+ Kd8 41.b6 Ra6 42.Red7+ Ke8
43.Rdc7 Ra8 44.Re7+  1-0

[Event "Ambasador op"]
[Site "Bern"]
[Date "1997.12.??"]
[Round "5"]
[White "Videki, Sandor"]
[Black "Bologan, Viktor"]
[Result "0-1"]
[WhiteElo "2440"]
[BlackElo "2585"]

1.e4 g6 2.d4 Bg7 3.Nc3 c6 4.f4 d5 5.e5 Nh6 6.Nf3 f6 7.Be3 Bg4 8.Be2 e6 9.O-O Nd7
10.h3 Bxf3 11.Bxf3 Nf5 12.Bf2 fxe5 13.fxe5 h5 14.Ne2 Bh6 15.Qd3 Qe7 16.Ng3 Nh4
17.Be3 Bxe3+ 18.Qxe3 O-O-O 19.Be2 Nf5 20.Nxf5 gxf5 21.b3 Rdg8 22.Rf3 Nf8
23.Kh2 Rg7 24.Rg1 Rhg8 25.c3 Nh7 26.Bd3 Qa3 27.Qf2 Qa5 28.Bb1 Ng5 29.Re3 c5
30.Qh4 cxd4 31.Qxd4 Kb8 32.Rf1 Ne4 33.Bxe4 Qxa2  0-1